Kdo podáva větší výkon, sportovec nebo manažer ?

Prostredie veľkých firiem sa v mnohom podobá svetu profesionálneho športu. v oboch existuje intenzívna konkurencia a k úspechu sú potrebné fyzické a psychické sily. Štyri princípy ako pracujú športovci s energiou, ktoré možno aplikovať na prácu manažérov.

Salvato in:
Dettagli Bibliografici
Autore principale: Fojtík, David
Natura: Capitolo di libro
Lingua:ceco
Soggetti:
Tags: Aggiungi Tag
Nessun Tag, puoi essere il primo ad aggiungerne!!

MARC

LEADER 00000naa$a2200000$$$4500
001 0108912
005 20231019114932.9
041 0 |a cze 
044 |a CZ 
245 1 0 |a Kdo podáva větší výkon, sportovec nebo manažer ?  |c David Fojtík 
520 |a Prostredie veľkých firiem sa v mnohom podobá svetu profesionálneho športu. v oboch existuje intenzívna konkurencia a k úspechu sú potrebné fyzické a psychické sily. Štyri princípy ako pracujú športovci s energiou, ktoré možno aplikovať na prácu manažérov. 
610 2 0 |a manažéri 
610 2 0 |a šport 
610 2 0 |a energia 
610 2 0 |a výkony pracovné 
100 1 |a Fojtík, David